000 00575nam a22001817a 4500
003 UA-OsUOA
001 14066
007 ta
008 20030721b un ||||| |||| 00| 0 ukr d
100 _aБорисюк Т.
942 _cSA
040 _aUA-OsUOA
_cUA-OsUOA
_dUA-OsUOA
245 _aКуди піти вчитися?
_b[Про нову акцію Рівнен. Бізнес-довідки 063 "Для вас випусники!"
300 _aС.10
955 _a0
773 0 _w0
_tІмідж
_dРівне
_d2003
_g№8/трав./
650 7 _aБізнес-довідка
_2UDC
999 _c300227
_d300227